<?xml version="1.0" encoding="UTF-8"?>
<record
    xmlns:xsi="http://www.w3.org/2001/XMLSchema-instance"
    xsi:schemaLocation="http://www.loc.gov/MARC21/slim http://www.loc.gov/standards/marcxml/schema/MARC21slim.xsd"
    xmlns="http://www.loc.gov/MARC21/slim">

  <leader>00818nam a2200265 a 4500</leader>
  <controlfield tag="003">MX-MxUPN</controlfield>
  <controlfield tag="005">20260624064049.0</controlfield>
  <controlfield tag="008">260623s1999    mx|a||||r||||f000 0 spa d</controlfield>
  <datafield tag="020" ind1=" " ind2=" ">
    <subfield code="a">9702300282</subfield>
  </datafield>
  <datafield tag="020" ind1=" " ind2=" ">
    <subfield code="a">9702300002</subfield>
  </datafield>
  <datafield tag="040" ind1=" " ind2=" ">
    <subfield code="a">MX-MxUPN</subfield>
    <subfield code="b">spa</subfield>
  </datafield>
  <datafield tag="041" ind1="0" ind2=" ">
    <subfield code="a">spa</subfield>
  </datafield>
  <datafield tag="050" ind1="1" ind2="4">
    <subfield code="a">LC5255 M6</subfield>
    <subfield code="b">A73 1999</subfield>
  </datafield>
  <datafield tag="100" ind1="1" ind2=" ">
    <subfield code="a">Aravedo Res&#xE9;ndiz, Mar&#xED;a de Lourdes</subfield>
    <subfield code="9">28737</subfield>
  </datafield>
  <datafield tag="100" ind1="1" ind2=" ">
    <subfield code="a">C&#xF3;rdova Ireta, Mar&#xED;a Teresa</subfield>
    <subfield code="9">32863</subfield>
  </datafield>
  <datafield tag="100" ind1="1" ind2=" ">
    <subfield code="a">Galicia L&#xF3;pez, Alejandro F.</subfield>
    <subfield code="9">60081</subfield>
  </datafield>
  <datafield tag="245" ind1=" " ind2=" ">
    <subfield code="a">Vivamos mejor :</subfield>
    <subfield code="b">cuaderno de trabajo</subfield>
  </datafield>
  <datafield tag="260" ind1=" " ind2=" ">
    <subfield code="a">M&#xE9;xico, D.F. :</subfield>
    <subfield code="b">INEA,</subfield>
    <subfield code="c">1999.</subfield>
  </datafield>
  <datafield tag="300" ind1=" " ind2=" ">
    <subfield code="a">86 p&#xE1;ginas :</subfield>
    <subfield code="b">ilustraciones</subfield>
  </datafield>
  <datafield tag="490" ind1="0" ind2=" ">
    <subfield code="a">Educaci&#xF3;n para la vida. Ciencias</subfield>
  </datafield>
  <datafield tag="650" ind1=" " ind2="4">
    <subfield code="a">Ciencia</subfield>
    <subfield code="x">Estudio y ense&#xF1;anza</subfield>
    <subfield code="9">6354</subfield>
  </datafield>
  <datafield tag="650" ind1=" " ind2="4">
    <subfield code="a">Educaci&#xF3;n de adultos</subfield>
    <subfield code="9">956</subfield>
  </datafield>
  <datafield tag="902" ind1=" " ind2=" ">
    <subfield code="a">JohanaAllegre/230626</subfield>
  </datafield>
  <datafield tag="942" ind1=" " ind2=" ">
    <subfield code="2">lcc</subfield>
    <subfield code="c">LIBRO</subfield>
  </datafield>
  <datafield tag="952" ind1=" " ind2=" ">
    <subfield code="0">0</subfield>
    <subfield code="1">0</subfield>
    <subfield code="2">lcc</subfield>
    <subfield code="4">0</subfield>
    <subfield code="7">21</subfield>
    <subfield code="8">LTG</subfield>
    <subfield code="a">BCUPN50</subfield>
    <subfield code="b">BCUPN50</subfield>
    <subfield code="c">CEPA</subfield>
    <subfield code="d">2026-06-23</subfield>
    <subfield code="h">Donaci&#xF3;n UNESCO</subfield>
    <subfield code="l">0</subfield>
    <subfield code="o">LC5255 M6 A73 1999</subfield>
    <subfield code="p">U13291</subfield>
    <subfield code="r">2026-06-23 14:40:26</subfield>
    <subfield code="w">2026-06-23</subfield>
    <subfield code="y">LIBRO</subfield>
  </datafield>
  <datafield tag="999" ind1=" " ind2=" ">
    <subfield code="c">215433</subfield>
    <subfield code="d">215433</subfield>
  </datafield>
</record>
